00349nam a2200133Ia 4500008004100000020001800041041000800059082001500067100001600082245003800098260003900136300000900175650003100184220803s9999 xx 000 0 und d a3-7643-7489-6 aeng a720.47 SCH aSchittich C aSemi-Detached and Terraced Houses aBostonbBirkhauser Publisherc2006 a176p aEnvironmental Architecture